00434nam a22001337a 4500003000400000020001800004040000600022082002600028100001700054245007900071260002700150300000700177650011600184OSt a9789699471001 a1 a303.6549122bAZI 2004 aAziz, Khalid aA Survey of Perceptions about the Drivers of Conflict in SwatcKhalid Aziz aPeshawarbRIPORTc2004 a67 aCommunication, Development, Foreign Intervention, Governance, Poverty, Religion, Security, Social Customs, Swat